Biology for the IB diploma / (Record no. 296189)
[ view plain ]
| 000 -LEADER | |
|---|---|
| fixed length control field | 01027cam a2200277 i 4500 |
| 001 - CONTROL NUMBER | |
| control field | 16825533 |
| 003 - CONTROL NUMBER IDENTIFIER | |
| control field | SISC |
| 005 - DATE AND TIME OF LATEST TRANSACTION | |
| control field | 20231108120807.0 |
| 008 - FIXED-LENGTH DATA ELEMENTS--GENERAL INFORMATION | |
| fixed length control field | 110613s2011 enka 001 0 eng |
| 010 ## - LIBRARY OF CONGRESS CONTROL NUMBER | |
| LC control number | 2011377463 |
| 020 ## - INTERNATIONAL STANDARD BOOK NUMBER | |
| International Standard Book Number | 9780521171786 (paperback) |
| 040 ## - CATALOGING SOURCE | |
| Original cataloging agency | DLC |
| Language of cataloging | eng |
| Transcribing agency | DLC |
| Description conventions | rda |
| 042 ## - AUTHENTICATION CODE | |
| Authentication code | pcc |
| 050 00 - LIBRARY OF CONGRESS CALL NUMBER | |
| Classification number | TR IB QH 316 |
| Item number | .W35 2011 |
| 100 1# - MAIN ENTRY--PERSONAL NAME | |
| Personal name | Walpole, Brenda. |
| 245 10 - TITLE STATEMENT | |
| Title | Biology for the IB diploma / |
| Statement of responsibility, etc | Brenda Walpole, Ashby Merson-Davies, Leighton Dann ; course consultant, Peter Hoeben. |
| 300 ## - PHYSICAL DESCRIPTION | |
| Extent | vi, 602 pages : |
| Other physical details | illustrations (chiefly color) ; |
| Dimensions | 28 cm. |
| 500 ## - GENERAL NOTE | |
| General note | Includes index. |
| 650 #0 - SUBJECT ADDED ENTRY--TOPICAL TERM | |
| Topical term or geographic name as entry element | International baccalaureate |
| Form subdivision | Study guides. |
| 650 #0 - SUBJECT ADDED ENTRY--TOPICAL TERM | |
| Topical term or geographic name as entry element | Biology |
| General subdivision | Examinations |
| Form subdivision | Study guides. |
| 700 1# - ADDED ENTRY--PERSONAL NAME | |
| Personal name | Merson-Davies, Ashby. |
| 700 1# - ADDED ENTRY--PERSONAL NAME | |
| Personal name | Dann, Leighton. |
| 906 ## - LOCAL DATA ELEMENT F, LDF (RLIN) | |
| a | 7 |
| b | cbc |
| c | origres |
| d | 3 |
| e | ncip |
| f | 20 |
| g | y-gencatlg |
| 942 ## - ADDED ENTRY ELEMENTS (KOHA) | |
| Source of classification or shelving scheme | Library of Congress Classification |
| Koha item type | Books |
| Withdrawn status | Lost status | Source of classification or shelving scheme | Damaged status | Home library | Current library | Shelving location | Date acquired | Source of acquisition | Total Checkouts | Total Renewals | Full call number | Barcode | Date last seen | Date checked out | Price effective from | Koha item type |
|---|---|---|---|---|---|---|---|---|---|---|---|---|---|---|---|---|
| Library of Congress Classification | Luxembourg Library | Luxembourg Library | Teachers Reference Section | 06/25/2016 | Library Fund | 3 | 2 | TR IB QH 316 .W35 2011 | 20228 | 07/03/2023 | 12/16/2022 | 06/25/2016 | Books |